Formule 1 Circuits vanaf 2000 - Statistieken

Algemene statistieken
  • Deze quiz is 208 keer genomen
  • De gemiddelde score is 22 van 38
Antwoordstatistieken
Circuit Locatie % Correct
Circuit de Spa-Francorchamps België,Spa
96%
Circuit Zandvoort Nederland,Zandvoort
96%
Albert Park Circuit Australië,Melbourne
80%
Autódromo José Carlos Pace, Interlagos) Brazilië,São Paulo
76%
Red Bull Ring Oostenrijk,Spielberg
76%
Hungaroring Hongarije,Mogyoród
74%
Autodromo Nazionale Monza Italië,Monza
73%
Circuit de Monaco Monaco,Monte Carlo
73%
Circuit Gilles Villeneuve Canada,Montréal
73%
Autódromo Hermanos Rodríguez Mexico,Mexico-Stad
72%
Circuit Silverstone Verenigd Koninkrijk,Towcester
70%
Shanghai International Circuit China,Jiading
69%
Autodromo Enzo e Dino Ferrari Italië,Imola
67%
Bahrain International Circuit Bahrein, Sakhir
66%
Circuit de Barcelona-Catalunya Spanje,Montmeló
65%
Circuit of the Americas Verenigde Staten,Austin (Texas)
65%
Las Vegas Street Circuit Verenigde Staten,Las Vegas
65%
Losail International Circuit Qatar,Lusail
64%
Miami International Autodrome Verenigde Staten,Miami
64%
Sochi Autodrom Rusland,Sotsji
61%
Marina Bay Street Circuit Singapore,Singapore
59%
Autódromo Internacional do Algarve Portugal,Portimão
58%
Yas Marina Circuit Verenigde Arabische Emiraten,Abu Dhabi
57%
Suzuka Circuit Japan,Suzuka
51%
Baku City Circuit Azerbeidzjan,Bakoe
50%
Hockenheimring Duitsland,Hockenheimring
50%
Sepang International Circuit Maleisië,Kuala Lumpur
50%
Jeddah Corniche Circuit Saoedi-Arabië,Jeddah
48%
Nürburgring Duitsland,Nürburg
46%
Istanbul Park Turkije,Tuzla
45%
Buddh International Circuit India,Greater Noida
43%
Circuit Paul Ricard Frankrijk,Le Castellet
40%
Korean International Circuit Zuid-Korea,Yeongam
31%
Valencia Street Circuit Spanje,Valencia
27%
Autodromo Internazionale del Mugello Italië,Florence
22%
Fuji Speedway Japan,Shizuoka
14%
Circuit de Nevers Magny-Cours Frankrijk,Nevers
13%
Indianapolis Motor Speedway Verenigde Staten, Indianapolis
13%
Geen overeenkomende quizzen gevonden
Scoreverdeling
Procent van Mensen met Elke Score
Percentiel versus Aantal Correcte Antwoorden
Uw Scoregeschiedenis
U heeft deze quiz nog niet genomen